[Event "SVK-ch U16"]
[Site "Liptovsky Mikulas"]
[Date "2007.04.25"]
[Round "6"]
[White "Plsek, Juraj"]
[Black "Matejovic, Ludovit"]
[Result "0-1"]
[WhiteElo "1350"]
[BlackElo "1489"]
[PlyCount "32"]
[EventDate "2007.04.22"]
[EventType "swiss"]
[EventRounds "9"]
[EventCountry "SVK"]
[SourceTitle "EXT 2008"]
[Source "ChessBase"]
[SourceDate "2007.11.25"]
[SourceVersion "1"]
[SourceVersionDate "2007.11.25"]
[SourceQuality "1"]

1. e4 e5 2. Nf3 Nc6 3. Bc4 Bc5 4. 0-0 d6 5. Nc3 Bg4 6. d3 Nd4 7. h3 Nxf3+ 8. Kh1 Qh4 9. gxf3 Qxh3+ 10. Kg1 Qg3+ 11. Kh1 Bxf3+ 12. Qxf3 Qxf3+ 13. Kg1 Nf6 14. Kh2 Ng4+ 15. Kg1 Bxf2+ 16. Rxf2 Qxf2+ 0-1